Welcome to CU Library Online Public Access Catalogue (OPAC)

The early Christians after the death of the apostles; (Record no. 6535)

MARC details
000 -LEADER
fixed length control field 00836cam a2200217 4500
001 - CONTROL NUMBER
control field 1709201
005 - DATE AND TIME OF LATEST TRANSACTION
control field 20250617103352.0
008 - FIXED-LENGTH DATA ELEMENTS--GENERAL INFORMATION
fixed length control field 700811s1970 nyua b 001 0 eng
020 ## - INTERNATIONAL STANDARD BOOK NUMBER
International Standard Book Number 0874861071
041 1# - LANGUAGE CODE
Language code of text/sound track or separate title eng
Language code of original ger
050 00 - LIBRARY OF CONGRESS CALL NUMBER
Classification number BR63
Item number .A713
082 00 - DEWEY DECIMAL CLASSIFICATION NUMBER
Classification number 270.1
Edition information 19
245 14 - TITLE STATEMENT
Title The early Christians after the death of the apostles;
Statement of responsibility, etc. selected and edited from all the sources of the first centuries. [Translated and edited by the Society of Brothers at Rifton, N.Y.]
260 ## - PUBLICATION, DISTRIBUTION, ETC.
Place of publication, distribution, etc. Rifton, N.Y.,
Name of publisher, distributor, etc. Plough Pub. House
Date of publication, distribution, etc. [1970]
300 ## - PHYSICAL DESCRIPTION
Extent xii, 469 p.
Other physical details illus.
Dimensions 23 cm.
500 ## - GENERAL NOTE
General note Originally published in 1926 under title: Die ersten Christen nach dem Tode der Apostel.
650 #0 - SUBJECT ADDED ENTRY--TOPICAL TERM
Topical term or geographic name entry element Christian literature, Early.
700 1# - ADDED ENTRY--PERSONAL NAME
Personal name Arnold, Eberhard,
Dates associated with a name 1883-1935.
710 2# - ADDED ENTRY--CORPORATE NAME
Corporate name or jurisdiction name as entry element Society of Brothers (Bruderhof)
942 ## - ADDED ENTRY ELEMENTS (KOHA)
Source of classification or shelving scheme Library of Congress Classification
Koha item type Books
Suppress in OPAC No
999 ## -
-- 6535
-- 6535
Holdings
Withdrawn status Lost status Source of classification or shelving scheme Damaged status Not for loan Collection Home library Current library Shelving location Date acquired Total checkouts Full call number Barcode Date last seen Copy number Price effective from Koha item type
    Library of Congress Classification     Non-fiction Undergraduate Library (Christ Temple) Undergraduate Library (Christ Temple) General stacks 06/17/2025   BR63.A713 EAR ulct00003378 06/17/2025 1 06/17/2025 Books
© 2023-2024 Copyright: Central University Libraries. All Rights Reserved | Created by: Mahone Tech Office